Boroughs of New York City With a Borderless Map - Statistics

General Stats
  • This quiz has been taken 132 times
  • The average score is 5 of 5
Answers on the Map
Answers color-coded by a green-red scale on the quiz's map according to % correct below.
 
Answer Stats
Borough % Correct
Manhattan
99%
Queens
95%
The Bronx
94%
Brooklyn
92%
Staten Island
85%
No matching quizzes found
Score Distribution
Percent of People with Each Score
Percentile by Number Answered
Your Score History
You have not taken this quiz